| 000 | 00435nam a2200169Ia 4500 | ||
|---|---|---|---|
| 003 | SGT | ||
| 020 | _a9789383746736 | ||
| 082 |
_a4.36 _bPAN |
||
| 100 | _aPanday,U.S | ||
| 245 | _aCloud computing | ||
| 260 |
_bS.Chand & Company Ltd. _aNew Delhi _c2014 |
||
| 300 | _a390p. | ||
| 650 | _aCOMPUTER SCIENCE | ||
| 653 | _aINTRODUCTION TO CLOUD COMPUTING, CLOUD COMPUTING TECHNOLOGIES | ||
| 700 | _aChoudhary,Kavita | ||
| 942 |
_2ddc _cBK _02 |
||
| 999 |
_c5700 _d5700 |
||